| 000 | 00443nam a2200157Ia 4500 | ||
|---|---|---|---|
| 008 | 230312s9999||||xx |||||||||||||| ||und|| | ||
| 020 | _a0-471-40716-x | ||
| 082 |
_a658.81008 _bHOL-E |
||
| 100 | _aRobert J. Holloway | ||
| 245 | 0 | _aEnvironment of Marketing Management | |
| 260 |
_bJohn Wiley & sons, Inc. _aNew York _c1964 |
||
| 300 | _a531 | ||
| 546 | _aEng. | ||
| 650 |
_aManagement _vEmergence and Nature of Marketing |
||
| 942 | _cBK | ||
| 999 |
_c116 _d116 |
||